000 01438nam a2200325 a 4500
001 BRCA_3249
005 20190320204203.0
008 110309s1819----enka---###---#000-0#eng-#
041 _aeng
044 _aenk
084 _a550
_b.M354
_c1819
100 1 _aCervantes Saavedra, Miguel de
_d1547-1616
_9213
245 1 0 _aDon Quixote de la Mancha
_cTranslated from the Original Spanish of Miguel de Cervantes Saavedra by Charles Jarvis.
260 _aLondres
_bT. McLean
_c1819
300 _a4 v.
_bil. a color
_c24 cm.
500 _aContenido : v.1. Primera parte. Prefacio del traductor. Vida de Cervantes. Extractada de la escrita por G. Mayáns. Prólogo de Cervantes. -- v.2. Texto. -- v.3. Segunda parte. Prólogo de Cervantes. -- v.4. Texto
500 _aEdición : Embellished with 24 highly Finished Engravings from Drawings Designed Expressly for this Edition
500 _aEjemplar igual al anterior [549] Lúdovik Osterc
500 _aQM441
546 _aTexto en : inglés
650 1 4 _aNovela española
_yÉpoca clásica, 1500-1700
_9215
650 1 4 _aLiteratura española
_yÉpoca clásica, 1500-1700
_9216
650 1 4 _aNovela española
_ySiglo XVII
_9217
650 1 4 _aDon Quijote (Personaje ficticio)
_eNovela
_9218
700 1 _aJarvis, Charles
_d?-1739
_eTraductor
_98656
700 1 _aClark, J. H.
_eIlustrador
_98657
740 0 _aEl Ingenioso Hidalgo Don Quijote de la Mancha
902 _aQFM
942 _2lcc
_cB
999 _c2985
_d2985